Estadísticas para 50 ciudades de España por población

Haz click aquí para tomar la prueba!

Estadísticas generales

  • Esta prueba ha sido tomada 842 veces
    (638 desde el último reinicio)
  • La puntuación promedio es 35 de 50

Estadísticas de respuestas

HintRespuesta% Correcto
2Barcelona
100%
1Madrid
100%
4Sevilla
100%
3Valencia
99%
10Bilbao
97%
6Málaga
95%
5Zaragoza
95%
7Murcia
92%
11Alicante
90%
12Córdoba
89%
18La Coruña
87%
21Oviedo
87%
13Valladolid
87%
19Granada
86%
49Tarragona
85%
15Gijón
83%
34San Sebastián
83%
37Santander
82%
14Vigo
82%
39Castellón de la Plana
80%
31Almería
79%
8Palma de Mallorca
78%
44Huelva
77%
9Las Palmas de Gran Canaria
77%
43Badajoz
74%
17Vitoria
74%
45Salamanca
73%
38Albacete
72%
30Pamplona
72%
36Burgos
70%
20Elche
70%
16Hospitalet de Llobregat
70%
35Getafe
66%
28Santa Cruz de Tenerife
65%
42Logroño
60%
25Jerez de la Frontera
59%
24Cartagena
57%
22Badalona
54%
33Leganés
53%
27Móstoles
53%
32Fuenlabrada
50%
40Alcorcón
49%
26Sabadell
49%
47Lérida
48%
29Alcalá de Henares
47%
46Marbella
44%
48Dos Hermanas
40%
23Tarrasa
30%
41San Cristóbal de la Laguna
22%
50Torrejón de Ardoz
17%

Distribución de puntuación

Porcentaje por número respondido

Porcentaje de gente con cada puntuación

Historial de tus puntuaciones

No has tomado esta prueba desde el último reinicio